Ekonomické aspekty využitia obnoviteľných zdrojov energie diplomová práca

Gespeichert in:
Bibliographische Detailangaben
1. Verfasser: Šubáková, Monika
Körperschaft: Podnikovohospodárska fakulta EU so sídlom v Košiciach. Katedra ekonómie
Weitere Verfasser: Stričík, Michal, 1969-
Format: Buch
Sprache:Slowakisch
Veröffentlicht: Košice 2009
Tags: Tag hinzufügen
Keine Tags, Fügen Sie das erste Tag hinzu!

MARC

LEADER 00000nam$a2200000$$$4500
001 0098793
005 20240827092154.9
041 0 |a slo 
044 |a SK 
245 1 0 |a Ekonomické aspekty využitia obnoviteľných zdrojov energie  |b diplomová práca  |c Monika Šubáková ; škol. Michal Stričík 
264 1 |a Košice  |c 2009 
300 |a 95 s. 
100 1 |a Šubáková, Monika 
700 1 |a Stričík, Michal, 1969- 
710 2 |a Podnikovohospodárska fakulta EU so sídlom v Košiciach. Katedra ekonómie